NLSUI OPAC header image

Land acquisition and resource development in contemporary India / (Record no. 212030)

MARC details
000 -LEADER
fixed length control field 01349cam a22002418i 4500
001 - CONTROL NUMBER
control field 21578314
005 - DATE AND TIME OF LATEST TRANSACTION
control field 20260120061412.0
008 - FIXED-LENGTH DATA ELEMENTS--GENERAL INFORMATION
fixed length control field 200623s2020 enk b 001 0 eng
010 ## - LIBRARY OF CONGRESS CONTROL NUMBER
LC control number 2020027400
020 ## - INTERNATIONAL STANDARD BOOK NUMBER
International Standard Book Number 9781108486927
Qualifying information (hbk.)
082 ## - DEWEY DECIMAL CLASSIFICATION NUMBER
Classification number 333.339 SIN
100 1# - MAIN ENTRY--PERSONAL NAME
Personal name Singh, Shashi Ratnaker
245 10 - TITLE STATEMENT
Title Land acquisition and resource development in contemporary India /
Statement of responsibility, etc. Shashi Ratnaker Singh.
264 #1 - PRODUCTION, PUBLICATION, DISTRIBUTION, MANUFACTURE, AND COPYRIGHT NOTICE
Place of production, publication, distribution, manufacture Cambridge :
Name of producer, publisher, distributor, manufacturer Cambridge University Press,
Date of production, publication, distribution, manufacture, or copyright notice 2020.
300 ## - PHYSICAL DESCRIPTION
Extent xx, 268 p. ;
Dimensions 24 cm.
365 ## - TRADE PRICE
Price amount Rs. 995.00
505 ## - FORMATTED CONTENTS NOTE
Formatted contents note List of figures;<br/>List of maps;<br/>List of tables; <br/>List of abbreviations;<br/>Foreword;<br/>Acknowledgements;<br/>Part I:<br/>1. Introduction: from colonial regime to 'welfare state'<br/>2. State, space and people<br/>3. Land, mines and minerals<br/>4. Land acquisition and resource development in India<br/>5. Resource development and compensation issues<br/>Part II:<br/>6. Singrauli: a 'space' of dependence<br/>7. Singrauli: a development dilemma<br/>8. Administering Singrauli: governance and institutions<br/>9. Land acquisition in the contemporary Singrauli: reflections from the field<br/>Part III:<br/>10. Understanding development<br/>11. Conclusion<br/>Index.<br/>
650 #0 - SUBJECT ADDED ENTRY--TOPICAL TERM
Topical term or geographic name entry element Natural resources
Geographic subdivision India.
650 #0 - SUBJECT ADDED ENTRY--TOPICAL TERM
Topical term or geographic name entry element Land use
Geographic subdivision India.
650 #0 - SUBJECT ADDED ENTRY--TOPICAL TERM
Topical term or geographic name entry element Regional planning
Geographic subdivision India.
650 #0 - SUBJECT ADDED ENTRY--TOPICAL TERM
Topical term or geographic name entry element Rural development
Geographic subdivision India.
942 ## - ADDED ENTRY ELEMENTS (KOHA)
Source of classification or shelving scheme Dewey Decimal Classification
Koha item type BOOKs
Holdings
Withdrawn status Lost status Source of classification or shelving scheme Materials specified (bound volume or other part) Damaged status Not for loan Home library Current library Shelving location Date acquired Source of acquisition Cost, normal purchase price Total Checkouts Total Renewals Full call number Barcode Date last seen Date last checked out Price effective from Koha item type Public note
    Dewey Decimal Classification HB     . . General Stacks 21.09.2023 Purchased - Technical Bureau India 995.00 1 3 333.339 SIN 39293 19.04.2024 01.03.2024 21.09.2023 BOOKs Recommended by Dr. Jasmin Joseph